| 000 | 00521nam a2200181 a 4500 | ||
|---|---|---|---|
| 001 | 000043334 | ||
| 005 | 20201002040825.0 | ||
| 008 | 140310s1992 sp a 000 0 spa d | ||
| 020 | _a8420605751 | ||
| 100 | 1 |
_aTorres, Augusto M. _970962 |
|
| 245 | 1 | 3 |
_aEl cine norteamericano en 120 pelĂculas. / _cAugusto M. Torres. |
| 260 |
_aMadrid, : _bAlianza Editorial, _c1992. |
||
| 300 |
_a448 p. : _bil. ; _c19 cm. |
||
| 490 | 1 |
_aCine _v1575 |
|
| 500 | _aLibro de bolsillo | ||
| 830 | 0 |
_aCine _n1575 _970973 |
|
| 999 |
_c42823 _d42823 |
||
| 040 | _aDO-SdBNP | ||